000 00403nam a2200157Ia 4500
008 151213s9999 xx 000 0 und d
100 _aMelvil Dewey
245 _aDewey Decimal Classification
_cMelvil Dewey
250 _a21st
260 _aNew York
_bForest Press
_c1996
300 _a1627 p.
650 _aBook Classifications
650 _aReference
700 _aMelvil Dewey
999 _c1231
_d1231